000
00233nam a22000857a 4500
008
160718b xxu||||| |||| 00| 0 eng d
100
_9
3032
_a
Venugopal
245
_a
Science with Extra Innings
260
_a
New Delhi
_b
Rachna Publication
_c
2000
999
_c
2595
_d
2595